| 000 | 00555nam a2200181 u 4500 | ||
|---|---|---|---|
| 005 | 20240911063732.0 | ||
| 008 | 160801s1989 r 000 0 eng d | ||
| 020 | _a9682315220 | ||
| 035 | _aUPN01000212025 | ||
| 049 | _aCG | ||
| 050 | 4 |
_aHN110.5 _bR6.2 |
|
| 100 | 1 |
_aRouquié, Alain _934201 |
|
| 245 | 1 | 0 |
_aAmérica Latina : _bintroducción al extremo occidente / _cAlain Rouquié ; tr. Rosa Ana Domínguez Cruz. |
| 260 |
_aMéxico : _bSiglo XXI, _c1989. |
||
| 300 | _a431 p. | ||
| 651 | 2 |
_aAmérica Latina _xCondiciones sociales _92836 |
|
| 905 | _aLibro | ||
| 999 |
_c184126 _d184126 |
||